| 000 | 01416nam a2200265Ia 4500 | ||
|---|---|---|---|
| 999 |
_c54770 _d54770 |
||
| 001 | 21838 | ||
| 003 | GE_BSU | ||
| 005 | 20220607160527.0 | ||
| 008 | 181216s ||||ge |||||||||||||| ||geo|| | ||
| 040 | _cGE_BSU | ||
| 041 | _ageo | ||
| 080 | _a811.353.1(076.3) + 371.277.2 მ-97 | ||
| 100 |
_aმწყერაშვილი, ზ. _913963 |
||
| 245 |
_aქართული ენის ტესტი ზოგადი უნარ-ჩვევათა გამომუშავებისათვის : _bმე-4 კლასი / _cზ. მწყერაშვილი, ლ. ქვეითაია, ი. ხაზარაძე. |
||
| 264 |
_aთბილისი : _b[?], _c2007. |
||
| 300 |
_a31 გვ. ; _c30 სმ. ილ. |
||
| 500 | _aწანართი : საქართველოს სახელმწელმწიფო გერბი, დროშა და ჰიმნი "თავისუფლება" | ||
| 541 | _h4 ლ. | ||
| 653 | _aქართული ენა | ||
| 653 | _aქართული ენის ტესტი ზოგადი უნარ-ჩვევათა გამომუშავებისათვის | ||
| 653 | _aმე-4 კლასი | ||
| 700 |
_aქვეითაია, ლ. _eავტორი _914007 |
||
| 700 |
_aხაზარაძე, ი. _eავტორი _914008 |
||
| 942 |
_cBK _2udc |
||